000 01873nam a2200217 4500
999 _c3410
_d3410
020 _a9780072340525
050 _aHG4026
_b.R676
100 _a Stephen A Ross;
245 _aEssentials of corporate finance
_c Stephen A Ross; Randolph Westerfield; Bradford D Jordan
250 _a 3rd ed
260 _a Boston
_b McGraw-Hill,
_c©2001.
300 _a xxx, 574 pages :
_b color illustrations ;
_c26 cm.
440 _a McGraw-Hill/Irwin series in finance, insurance, and real estate
500 _aIncludes bibliographical references and index
505 _aOverview of financial management. -- Introduction to financial management -- Understanding financial statements and cash flow. -- Financial statements, taxes, and cash flow -- Working with financial statements -- Valuation of future cash flows. -- Introduction to valuation: the time value of money -- Discounted cash flow valuation -- Valuing stocks and bonds. -- Interest rates and bond valuation -- Equity markets and stock valuation -- Capital budgeting. -- Net present value and other investment critieria -- Making capital investment decisions -- Risk and return. -- Some lessons from capital market history -- Risk and return -- Long-term financing. -- Cost of capital -- Leverage and capital structure -- Dividends and dividend policy -- Raising capital -- Short-term financial management. -- Short-term financial planning -- Working capital management -- Topics in business finance. -- International aspects of financial management -- Appendices. -- A. Mathematical tables -- B. Key equations -- C. Answers to selected end-of-chapter problems -- D. Using the HP-10B and TI BA II Plus Financial calculators.
650 _aCorporations --
_xFinance.
700 _aStephen A Ross;
710 _a Randolph Westerfield;
711 _aBradford D Jordan
942 _cBK